00000000nam##2200000za#4500
0019.695653
003CaOODSP
00520210624234656
007cr |||||||||||
008150407|1998||||xxc|||||o    f|0| 0 eng|d
040 |aCaOODSP|beng
043 |an-cn---
0861 |aD82-43/1998E-PDF
1101 |aCanada.|bEmergency Preparedness Canada.
24514|aThe Emergency Site Management (ESM) System : |h[electronic resource]|ba doctrine paper / |c[by] Ron Kuban.
260 |bEmergency Preparedness Canada |c1998.
300 |a50p.|bfigs., glossary
5203 |aThe aim of this document is to describe the Emergency Site Management (ESM) system within the context of disaster response by Canadian local authorities (e.g., municipalities).--Page 1
590 |a12-26-Supp|b2012-06-07
69007|aEmergency preparedness|2gcpds
69007|aSite management|2gcpds
7201 |aKuban, Ron
77508|tSystème de gestion du site d'un sinistre : |w(CaOODSP)9.639785
7760#|tThe emergency site management (ESM) system : |w(CaOODSP)9.647003
85640|ahttp://publications.gc.ca|qPDF|s126 KB|uhttps://publications.gc.ca/collections/Collection/D82-43-1998E.pdf